| 000 | 00568nam a22001937a 4500 | ||
|---|---|---|---|
| 005 | 20171106155118.0 | ||
| 010 | _aENG-121246 | ||
| 020 | _c1000.00 | ||
| 035 | _aEN-104778 | ||
| 037 | _bDBAD/PUB | ||
| 082 | _a881 | ||
| 100 | _aDaniels, Michael Chacko | ||
| 245 |
_aSavages and other neighbour/ _cby Michael Chacko Daniels |
||
| 260 |
_aCalcutta _bA Writers Workshop Publication _c2016 |
||
| 270 |
_a162/92 Lake Gardens _bCalcutta _e700045 |
||
| 300 |
_a635p. _c22cm(Hb) |
||
| 500 | _asame ISBN at the EN-104757 | ||
| 942 |
_2ddc _cEN _h881 _mDAN |
||
| 999 |
_c147209 _d147209 |
||